Adriano e l'ideologia del principato

Saved in:
Bibliographic Details
Main Author: Galimberti, Alessandro (Author)
Format: Book
Language:Italian
Published: Roma L'Erma di Breteschneider 2007
Series:Centro Ricerche e Documentazione Sull'Antichitá Classica Monografie, 28
Subjects:
Tags: Add Tag
No Tags, Be the first to tag this record!

MARC

LEADER 00000cam a2200000 a 4500
001 UCG6172
003 CL-VaPUC
008 110407e20070000IT |||||||||||||||||ita|d
020 |a 8883654362 
082 0 4 |a 937.07  |b GAL  |2 21 
100 0 |a Galimberti, Alessandro  |e author  |9 556191 
245 1 0 |a Adriano e l'ideologia del principato 
300 |a 220 p 
942 |c BK 
945 |d 20110407 00:00:00  |a jcampos 
260 |a Roma  |b L'Erma di Breteschneider  |c 2007 
600 0 |a Adriano  |9 395861 
650 0 |a Emperadores romanos  |9 314054 
650 0 |a Imperio Romano  |9 322785 
650 0 |a Religión   |9 255164 
650 0 |a Cultura  |9 269059 
650 0 |a Política  |9 255312 
651 0 |a Roma   |9 255106 
583 |a last modification  |c 20170612 09:33:00  |k Rodrigo Vera 
490 0 |a Centro Ricerche e Documentazione Sull'Antichitá Classica Monografie, 28 
999 |c 344448  |d 344446 
952 |0 0  |1 0  |4 0  |6 937_070000000000000_GAL_2007  |7 0  |8 A  |9 442422  |a BIBHIS  |b BIBHIS  |d 2019-11-22  |i 4764307  |l 1  |o 937.07 GAL 2007  |p 4764307  |r 2023-01-25  |s 2021-01-12  |w 2019-11-22  |y BK  |k HIS 
952 |0 0  |1 0  |3 erb  |4 0  |6 937_070000000000000_GAL_2007  |7 0  |8 ?  |9 442423  |a FDOLAF  |b FDOLAF  |e Laffi, Umberto, 1939-  |i 5397499  |o 937.07 GAL 2007  |p 5397499  |r 2024-01-30  |w 2019-11-22  |y BK  |z Catalogado en:20170616  |k LAF